[Event "Castelnaudary B"]
[Site "Castelnaudary"]
[Date "2016.03.19"]
[Round "3"]
[White "Escondeur, Cyril"]
[Black "Chappey, Edouard"]
[Result "0-1"]
[WhiteElo "1992"]
[BlackElo "1864"]
[PlyCount "52"]
[EventDate "2016.03.19"]
[EventType "tourn"]
[EventRounds "5"]
[EventCountry "FRA"]
[SourceTitle "EXT 2024"]
[Source "ChessBase"]
[SourceDate "2023.10.10"]
[SourceVersion "1"]
[SourceVersionDate "2023.10.10"]
[SourceQuality "1"]

1. e4 d5 2. exd5 Qxd5 3. Nc3 Qa5 4. d4 Nf6 5. Nf3 Bg4 6. Bd3 Nc6 7. Be3 0-0-0 8. 0-0 e5 9. Be2 Bxf3 10. Bxf3 exd4 11. Bxc6 bxc6 12. Bxd4 c5 13. Qf3 cxd4 14. Rfd1 Bd6 15. Rxd4 Qe5 16. Rad1 Qxh2+ 17. Kf1 Qh1+ 18. Ke2 Rhe8+ 19. Kd3 Qh5 20. Qa8+ Kd7 21. Qxa7 Ke7 22. Re1+ Kf8 23. Rxe8+ Rxe8 24. Qa4 Qf5+ 25. Kc4 Qxf2 26. b4 Qxg2 0-1